Simon and Garfunkel first lines - Statistics

General Stats
  • This quiz has been taken 522 times
  • The average score is 8 of 14
Answer Stats
Hint Answer % Correct
Hello darkness my old friend The Sound of Silence
97%
And here's to you _________ Mrs Robinson
89%
I am just a poor boy The Boxer
79%
When you're weary, feeling small Bridge Over Troubled Water
71%
I'm sitting in the railway station Homeward Bound
71%
Let us be lovers, we'll marry our fortunes together America
62%
Slow down, you move too fast The 59th Street Bridge Song
62%
A winter's day, in a deep and dark December I Am a Rock
59%
I'd rather be a sparrow than a snail El Condor Pasa
44%
Time time time, see what's become of me Hazy Shade of Winter
40%
Someone told me it's all happening _______ At The Zoo
36%
I hear the drizzle of the rain Kathy's Song
29%
What a dream I had, pressed in organdy For Emily, Whenever I May Find Her
28%
I can hear the soft breathing of the girl that I love Wednesday Morning, 3 A.M.
24%
No matching quizzes found
Score Distribution
Percent of People with Each Score
Percentile by Number Answered
Your Score History
You have not taken this quiz